[Event "HCL-B224"]
[Site "www.playchess.de"]
[Date "2001.04.16"]
[Round "32"]
[White "donkey"]
[Black "richard"]
[WhiteElo "1238"]
[BlackElo "1500"]
[PlyCount "89"]
[Result "1/2-1/2"]

1.d4 Nf6 {greetings}  2.c4 {hello !}  g6 3.Nc3 Bg7 
{moving right along}  4.Nf3 O-O 5.g3 c5 6.d5 d6 
7.Bg2 e6 8.e4 e5 9.Be3 Nbd7 10.O-O Nb6 11.b3 Ng4 
12.Bg5 f6 13.Bd2 f5 14.Bg5 Nf6 15.Re1 h6 16.Bd2 
fxe4 17.Nxe4 Nxe4 18.Rxe4 Bf5 19.Re2 e4 20.Nh4 
Bxa1 21.Qxa1 Kh7 22.Bxe4 Bxe4 23.Rxe4 Nd7 24.Re6 
Rf6 25.Qb1 Rxe6 26.dxe6 Nf8 27.Qe4 Qe7 28.Qf4 g5 
29.Qe4+ Kg8 30.Nf5 Qxe6 31.Qxb7 Qxf5 32.Qxa8 Qd3 
33.Qd5+ Qxd5 34.cxd5 Ng6 {I think I have the bases 
covered. (20...Bg4 would have won)}  35.f4 {I 
think that I have a slight advantage and therefore 
I want to play  further}  gxf4 {but of course}  
36.Bxf4 Nxf4 37.gxf4 Kf7 38.Kf2 a6 39.Kf3 {it 
looks not so good for you}  Kf6 {my position will 
hold}  40.Ke4 a5 41.a3 Kg6 42.f5+ Kf7 43.Kf4 Kg7 
44.h3 Kf7 45.h4 {well, is a draw, I think it was a 
nice game}  1/2-1/2

[Event "HCL-C227"]
[Site "www.playchess.de"]
[Date "2001.04.16"]
[Round "2"]
[White "lsoule"]
[Black "flywheel"]
[WhiteElo "983"]
[BlackElo "1207"]
[PlyCount "71"]
[Result "1-0"]

1.e4 {Hello from Santa Cruz, California}  e5 
{Hello from Fort Dodge, Iowa}  2.Nf3 Nc6 3.Bb5 Nf6 
4.O-O Bb4 5.c3 Ba5 6.d4 exd4 7.cxd4 d5 8.e5 Ne4 
9.Nbd2 Bg4 10.Be2 O-O 11.Nb3 b6 12.Nxa5 Nxa5 13.b4 
Nc4 14.h3 Bh5 15.Nd2 c5 16.Bxh5 cxd4 17.Nxc4 dxc4 
18.Bf3 Nc3 19.Qe1 Rb8 20.e6 fxe6 21.Qxe6+ Rf7 
22.Bh5 g6 23.Bxg6 hxg6 24.Qxg6+ Kf8 25.Bh6+ Ke8 
26.Rfe1+ Kd7 27.Qxf7+ Kc6 28.Qxc4+ Kd7 29.Qxd4+ 
Kc7 30.Qxc3+ Kb7 31.b5 Qd5 32.Qc6+ Qxc6 33.bxc6+ 
Kxc6 34.Re6+ Kd5 35.Rae1 b5 36.R6e8 1-0

[Event "HCL-C222"]
[Site "www.playchess.de"]
[Date "2001.04.16"]
[Round "9"]
[White "YoYo"]
[Black "Pink_Elephant"]
[WhiteElo "1000"]
[BlackElo "1000"]
[PlyCount "69"]
[Result "1-0"]

1.d4 {Hi,gl}  Nc6 2.c4 e6 3.e3 Nf6 4.Nc3 Bb4 5.Bd2 
O-O 6.Nf3 d5 7.a3 Be7 8.Bd3 Bd7 9.Qc2 Bd6 10.e4 
dxe4 11.Nxe4 Nxe4 12.Bxe4 f5 13.Bd3 Qf6 14.Bc3 e5 
15.dxe5 Nxe5 16.O-O-O Bc6 17.c5 Nxd3+ 18.Qxd3 Bf4+ 
19.Kb1 Qf7 20.Qd4 Be4+ 21.Ka1 c6 22.h4 Rfe8 
23.Rhe1 Re7 24.Reg1 Bc7 25.Ng5 Qh5 26.g4 Qe8 
27.Ne6 Bh2 28.gxf5 Bxg1 29.Rxg1 Qd7 30.Qxe4 Qd5 
31.Qxd5 cxd5 32.Nxg7 Kf7 33.Ne6 Ke8 34.Rg8+ {bye 
bye Rock..}  Kd7 35.Rxa8 1-0

[Event "ACL-A125"]
[Site "www.playchess.de"]
[Date "2001.04.16"]
[Round "35"]
[White "richard"]
[Black "wael"]
[WhiteElo "1500"]
[BlackElo "1624"]
[PlyCount "55"]
[Result "1-0"]

1.e4 {greetings from america}  c5 {Salam (hi) from 
Jordan}  2.Nf3 {hello from Amherst, MA (near 
Boston)}  d6 3.d4 cxd4 4.Nxd4 Nf6 5.Nc3 a6 6.f3 g6 
7.Be3 Bg7 8.Qd2 O-O 9.Bc4 Nc6 10.O-O-O Na5 11.Bd3 
Qc7 12.g4 b5 13.Bh6 Bd7 14.Bxg7 Kxg7 15.g5 Nh5 
16.Nd5 Qd8 17.Nxe7 Nc4 18.Bxc4 {I was expecting 
QueenxKnight}  bxc4 19.Ndc6 Qb6 20.Qd4+ Qxd4 
21.Rxd4 Nf4 22.Rxd6 Bh3 23.Kd2 Bg2 24.Rd1 Ne6 
25.Ke3 Rfe8 26.h4 a5 27.Kf2 {the mighty king}  Bh3 
28.Kg3 1-0

[Event "HCL-C237"]
[Site "www.playchess.de"]
[Date "2001.04.16"]
[Round "10"]
[White "King_Slayer"]
[Black "dlarryjr"]
[WhiteElo "1411"]
[BlackElo "1000"]
[PlyCount "35"]
[Result "1-0"]

1.d4 Nf6 2.c4 d5 3.Nc3 e6 4.Bg5 Bb4 5.Qa4+ Nc6 
6.e3 Bd7 7.Bd3 Qe7 8.Nge2 Bxc3+ 9.bxc3 Nxd4 
10.Bxf6 Qxf6 11.Qb4 Nxe2 12.Bxe2 b6 13.cxd5 c5 
14.Qc4 O-O 15.e4 exd5 16.exd5 a5 17.O-O Qg6 
18.g3 1-0

[Event "ACL-A113"]
[Site "www.playchess.de"]
[Date "2001.04.16"]
[Round "18"]
[White "deadeasy"]
[Black "dlc"]
[WhiteElo "1500"]
[BlackElo "1500"]
[PlyCount "39"]
[Result "1-0"]

1.d4 Nf6 2.Nc3 e6 3.e4 d6 4.Nf3 Be7 5.Bd3 Nbd7 
6.O-O b6 7.e5 Ng8 8.Be4 d5 9.Nxd5 exd5 10.Bxd5 Rb8 
11.Qe2 Nf8 12.Qc4 Be6 13.Bxe6 Nxe6 14.d5 Nc5 15.b4 
Nb7 16.Nd4 Qd7 17.Bb2 Nh6 18.e6 Qd6 19.Nc6 O-O 
20.Be5 1-0

[Event "HCL-B240"]
[Site "www.playchess.de"]
[Date "2001.04.16"]
[Round "6"]
[White "Inge_Heumann"]
[Black "hon"]
[WhiteElo "1895"]
[BlackElo "1500"]
[PlyCount "48"]
[Result "0-1"]

1.e4 {Hi! I hope we`ll have fun!}  e5 {Hi. I think 
so.}  2.f4 exf4 3.Nf3 g5 4.Bc4 Nc6 5.h4 g4 6.Bxf7+ 
Kxf7 7.Ng5+ Ke8 8.Qxg4 Nf6 9.Qxf4 Bd6 10.Qe3 Qe7 
11.Nc3 Rf8 12.Rf1 Ng4 13.Rxf8+ Qxf8 14.Qf3 Qxf3 
15.gxf3 Bg3+ 16.Ke2 Nh2 17.Nd5 Nd4+ 18.Kd3 Ndxf3 
19.Nxh7 b6 20.h5 Kf7 21.Nhf6 Ba6+ 22.Kc3 Be5+ 
23.Kb3 Nd4+ 24.Ka4 Bb5+ 0-1

[Event "HCL-E039"]
[Site "www.playchess.de"]
[Date "2001.04.16"]
[Round "29"]
[White "GOUSGOUNIS"]
[Black "DKCozy"]
[WhiteElo "2445"]
[BlackElo "1718"]
[PlyCount "41"]
[Result "1-0"]

1.e4 {good luck!!}  e6 2.d4 d5 3.Nc3 Bb4 4.a3 
Bxc3+ 5.bxc3 dxe4 6.Qg4 f5 7.Qxg7 Qf6 8.Qxc7 Nc6 
9.Bb5 Nge7 10.Nh3 O-O 11.O-O Nd5 12.Qg3+ Kh8 
13.Bg5 Qf7 14.Bxc6 bxc6 15.c4 Nf6 16.Qd6 Bb7 
17.Nf4 Rae8 18.Rfb1 Ba8 19.Qe5 Qg7 20.Bxf6 Rxf6 
21.Nh5 1-0

[Event "HCL-A107"]
[Site "www.playchess.de"]
[Date "2001.04.16"]
[Round "10"]
[White "vrad"]
[Black "Westqualmer"]
[WhiteElo "1904"]
[BlackElo "1951"]
[PlyCount "120"]
[Result "0-1"]

1.Nf3 Nf6 2.g3 d5 3.Bg2 c6 4.O-O Bg4 5.d4 Nbd7 
6.Nbd2 e6 7.c4 Bd6 8.Qc2 O-O 9.e4 dxe4 10.Nxe4 Bf5 
11.Nh4 Bxe4 12.Bxe4 Nxe4 13.Qxe4 Re8 14.Nf3 e5 
15.d5 Nf6 16.Qf5 cxd5 17.cxd5 e4 18.Nd4 Re5 19.Qh3 
Rh5 20.Qg2 Rxd5 21.Ne2 Be5 22.Rb1 Qa5 23.a3 Rad8 
24.Be3 b6 25.h3 h6 26.Rfc1 Rb5 27.Nc3 Bxc3 28.Rxc3 
Rxb2 29.Rbc1 Rb1 30.Qf1 Qxc3 31.Rxc3 Rxf1+ 32.Kxf1 
Nd5 33.Rb3 f5 34.Ke2 Kf7 35.a4 Ke6 36.a5 Nxe3 
37.fxe3 bxa5 38.Rb7 Rd7 39.Rb5 Rd5 40.Rb7 g6 
41.Rxa7 Kf6 42.h4 h5 43.Ra6+ Kg7 44.Ra7+ Kh6 
45.Ra6 Rb5 46.Kd2 Rb2+ 47.Kc3 Rg2 48.Kd4 Rxg3 
49.Ra8 Rf3 50.Ke5 f4 51.Kxe4 Rxe3+ 52.Kxf4 Rh3 
53.Rxa5 Rxh4+ 54.Kg3 Rb4 55.Kh3 Rb3+ 56.Kh2 h4 
57.Ra2 Kh5 58.Rc2 g5 59.Rc5 h3 60.Rb5 
Rxb5 0-1

[Event "HCL-B244"]
[Site "www.playchess.de"]
[Date "2001.04.16"]
[Round "12"]
[White "Omni"]
[Black "damage_kase"]
[WhiteElo "1200"]
[BlackElo "1379"]
[PlyCount "45"]
[Result "1-0"]

1.d4 d5 2.Nf3 Nf6 3.c4 e6 4.Nc3 Be7 5.cxd5 exd5 
6.Bf4 c5 7.dxc5 Bxc5 8.e3 O-O 9.Be2 Nc6 10.O-O a6 
11.Ne5 Re8 12.Nxc6 bxc6 13.Rc1 Bd6 14.Bxd6 Qxd6 
15.Na4 Ne4 16.Nb6 Rb8 17.Nxc8 Rbxc8 18.Bxa6 Rca8 
19.Bb7 Rxa2 20.Bxc6 Rd8 21.Bxd5 Ra4 22.Qxa4 Qxd5 
23.Rcd1 1-0

[Event "HCL-B244"]
[Site "www.playchess.de"]
[Date "2001.04.16"]
[Round "15"]
[White "Bill"]
[Black "Omni"]
[WhiteElo "1304"]
[BlackElo "1200"]
[PlyCount "54"]
[Result "1/2-1/2"]

1.e4 {Hello, Good luck in this tournament.}  c6 
2.d4 d5 3.Nc3 dxe4 4.Nxe4 Nd7 5.Nf3 Ngf6 6.Nxf6+ 
Nxf6 7.Ne5 Nd7 8.Nd3 g6 9.c3 Bg7 10.Bf4 Qa5 11.Qd2 
O-O 12.Be2 e5 13.dxe5 Nxe5 14.Nxe5 Bxe5 15.O-O 
Bxf4 16.Qxf4 Qf5 17.Qxf5 Bxf5 18.Rad1 Rad8 19.Rxd8 
Rxd8 20.Rd1 Rxd1+ 21.Bxd1 Bd3 22.f4 c5 23.Bf3 b6 
24.Kf2 f5 25.Bd5+ Kg7 26.Ke3 Bb5 27.g3 {I'll be 
away starting April 16 returning April 23.}  Kf6 
{OK}  1/2-1/2

[Event "HCL-B226"]
[Site "www.playchess.de"]
[Date "2001.04.16"]
[Round "18"]
[White "Denzil"]
[Black "ciceradecarvalho"]
[WhiteElo "1737"]
[BlackElo "1200"]
[PlyCount "28"]
[Result "0-1"]

1.e4 e5 2.f4 exf4 3.Nf3 g5 4.d4 d6 5.Bc4 f6 6.Nc3 
Bd7 7.Bd2 Ne7 8.Qe2 Nbc6 9.O-O-O Bg4 10.Bb5 a6 
11.Bxc6+ Nxc6 12.Qf2 Bxf3 13.gxf3 Qd7 14.Nd5 
Bg7 0-1

[Event "HCL-B255"]
[Site "www.playchess.de"]
[Date "2001.04.16"]
[Round "3"]
[White "roland"]
[Black "steeve"]
[WhiteElo "1500"]
[BlackElo "1592"]
[PlyCount "97"]
[Result "1-0"]

1.e4 e5 {hello & good luck}  2.Nf3 Nc6 3.d4 {good 
luck to you too - it's my first "human" game in a 
long time}  exd4 {who wants to beat a machine?}  
4.Bc4 Bc5 5.c3 d3 6.O-O Nf6 7.e5 d5 8.exf6 dxc4 
9.Re1+ Be6 10.fxg7 Rg8 11.Ng5 {no matter who wins, 
this surely is fun!}  Qd5 {Yes, a very tricky 
position.}  12.Bf4 Rxg7 13.Ne4 O-O-O {I nearly 
missed Nf6+ winning my queen!}  14.Nbd2 {I missed 
a few things recently, too -- still tricky}  Bd6 
15.Qf3 Bxf4 16.Qxf4 Bf5 17.Ng3 Be6 18.Nf3 Rdg8 
19.Rad1 Bg4 20.Re3 {so I made it to the 20th 
anyway :)}  Bxf3 {still a bit to go yet :)}  
21.Rxf3 Re8 22.Nf5 d2 23.Ne3 Qd3 24.Qf5+ Qxf5 
25.Rxf5 Ne7 26.Re5 f6 27.Re4 Rd8 28.Nxc4 Nc6 
29.Kf1 b5 30.Na3 {I'd like to play the endgame; 
it's my weakest part that I should practice}  a6 
{no problem}  31.Nb1 Rgd7 32.Re2 Ne5 33.Rexd2 Nc4 
34.R2xd7 Rxd7 35.Rxd7 Kxd7 36.b3 Ne5 37.Ke2 c5 
38.f4 Ng6 39.Ke3 Ke6 40.g4 Kd5 41.Nd2 h6 42.Ne4 f5 
43.gxf5 Nh4 44.Nf6+ Kd6 45.Ke4 a5 46.Ng4 b4 47.c4 
Kc6 48.f6 h5 49.f7 1-0

[Event "HCL-B259"]
[Site "www.playchess.de"]
[Date "2001.04.16"]
[Round "30"]
[White "scd119"]
[Black "Bill"]
[WhiteElo "1898"]
[BlackElo "1327"]
[PlyCount "73"]
[Result "1/2-1/2"]

1.e4 e5 2.Nf3 Nc6 3.Bb5 Nf6 4.O-O Nxe4 5.d4 Nd6 
6.Bxc6 dxc6 7.dxe5 Nf5 8.Qxd8+ Kxd8 9.Nc3 Be6 
10.Ng5 Bc5 11.Nxe6+ fxe6 12.Ne4 Bb6 13.Bg5+ Kc8 
14.c3 h6 15.g4 hxg5 16.gxf5 exf5 17.Nxg5 Rh4 
18.Kh1 Kd7 19.Rad1+ Ke7 20.Rd3 Rah8 21.h3 Re8 
22.f4 g6 23.Kg2 Rd8 24.Rxd8 Kxd8 25.Kg3 Rh5 26.Re1 
Ke7 27.a4 Rh8 28.Rd1 a5 29.Kf3 Bc5 30.b3 Rh4 
31.Kg3 Rh8 32.Kf3 Rh4 33.Re1 Rh8 34.Rd1 Rh4 {Draw 
proposed because of '3 repeat rule'.}  35.c4 {i 
feel like i want to explore a bit more this 
position.}  Bb4 {OK, that would be fine with me.}  
36.Rd3 {Thanks, for the pleasure of chess, because 
the tournment looks over for us.}  Ke8 {We can 
still get a couple of points.}  37.Rd1 {It is a 
draw.Sorry...you were right.}  1/2-1/2

[Event "CCL-E017"]
[Site "www.playchess.de"]
[Date "2001.04.16"]
[Round "2"]
[White "therayder"]
[Black "crikoch"]
[WhiteElo "2000"]
[BlackElo "2000"]
[PlyCount "42"]
[Result "0-1"]

1.b3 {1. b2-b3}  e5 2.Bb2 Nc6 {Hallo, viele 
Gruesse aus Hamburg}  3.e4 Nf6 4.Nc3 {Danke,viele 
Grüße aus Köln}  Bc5 5.h3 d6 {Ich wuensche dir ein 
schoenes Wochenende}  6.Nf3 a6 {Das wuensche ich 
dir auch. Wir haben hier Kindergeburtstag (mein 
Sohn wird 7 Jahre).}  7.Bc4 {Oh, viel Spaß wünsch 
ich Euch}  b5 {Dankd, jetzt ist so gut wie alles 
ueberstanden..!!}  8.Bd5 Nxd5 9.exd5 Ne7 10.d3 Ba7 
11.d4 b4 12.Ne4 f5 13.Ned2 e4 14.Ng5 Nxd5 15.O-O 
Qxg5 16.Bc1 Nf4 17.g3 Nxh3+ 18.Kg2 Nf4+ 19.Kh1 Bb7 
20.Nc4 e3+ 21.f3 Qxg3 0-1

[Event "HCL-C249"]
[Site "www.playchess.de"]
[Date "2001.04.16"]
[Round "9"]
[White "MEATHEAD"]
[Black "MmeAicha"]
[WhiteElo "1043"]
[BlackElo "1000"]
[PlyCount "48"]
[Result "0-1"]

1.e4 Nc6 2.Nf3 d5 3.Nc3 dxe4 4.Nxe4 e5 5.Bc4 Be7 
6.Nfg5 Bxg5 7.Qf3 Bf4 8.d3 Nd4 9.Qd1 Bxc1 10.Rxc1 
b5 11.Bb3 Nxb3 12.cxb3 b4 13.Rc5 Ne7 {vacation 
untill 4.4}  14.Rxe5 O-O 15.O-O Ng6 16.Ra5 Qd4 
17.Qf3 Be6 18.Nc5 Ne5 19.Nxe6 Nxf3+ {sorry its 
over!!}  20.gxf3 fxe6 21.Re1 Rxf3 {its over my 
friend!}  22.Re3 {hey numb nuts, f*ck off}  Rxe3 
23.fxe3 Qg4+ 24.Kf2 Rf8+ 0-1

[Event "HCL-B263"]
[Site "www.playchess.de"]
[Date "2001.04.16"]
[Round "6"]
[White "Bastian1"]
[Black "Andruk"]
[WhiteElo "1500"]
[BlackElo "1200"]
[PlyCount "34"]
[Result "0-1"]

1.e4 e5 2.Nf3 Nc6 3.Bb5 Qf6 4.Bxc6 bxc6 5.d4 Ba6 
6.Nxe5 Qe6 7.Nc3 Bb4 8.Qg4 Nf6 9.Qxe6+ fxe6 10.f3 
O-O 11.Bd2 Bb7 12.O-O-O a5 13.a3 Be7 14.Bg5 d6 
15.Bxf6 Bxf6 16.Nd7 Bg5+ 17.Kb1 
Rfd8 0-1

[Event "HCL-C261"]
[Site "www.playchess.de"]
[Date "2001.04.16"]
[Round "2"]
[White "saltsau"]
[Black "Max"]
[WhiteElo "1000"]
[BlackElo "1597"]
[PlyCount "32"]
[Result "0-1"]

1.d4 d5 2.e3 Nc6 3.c3 Nf6 4.Na3 Bg4 5.Qd2 e6 6.Be2 
Bd6 7.f3 Bh5 8.Qc2 a6 9.Bd3 e5 10.Nh3 e4 11.fxe4 
dxe4 12.Be2 Bxe2 13.Qxe2 O-O 14.Rf1 Bxh2 15.Qc4 
Qd6 16.b4 Qg3+ 0-1

[Event "ACL-A137"]
[Site "www.playchess.de"]
[Date "2001.04.16"]
[Round "9"]
[White "saltsau"]
[Black "plobi"]
[WhiteElo "1500"]
[BlackElo "1469"]
[PlyCount "24"]
[Result "0-1"]

1.d4 d5 2.h4 g6 3.h5 Bg7 4.e3 Nc6 5.Qd3 Bf5 6.Qb3 
b6 7.Bb5 Qd7 8.Qc3 O-O-O 9.Bxc6 Qd6 10.Na3 a6 
11.Nf3 Bd7 12.Bxd7+ Qxd7 0-1

[Event "ACL-A137"]
[Site "www.playchess.de"]
[Date "2001.04.16"]
[Round "21"]
[White "rhonda202"]
[Black "richard"]
[WhiteElo "1113"]
[BlackElo "1805"]
[PlyCount "50"]
[Result "0-1"]

1.e4 {hi you! good luck! ;-)))}  c5 {gool luck 
yourself}  2.Nf3 d6 {do you najdorf?}  3.Bb5+ 
{najdorf? hmmmm u got me. ;- )}  Bd7 4.a4 {what is 
najdorf? ;-))}  Nf6 {the opening you seemed headed 
towards}  5.Qe2 {sorry but i guess i don't, tell 
me the move, please!:-))}  Nc6 {the Najdorf 
siccilian starts 1e4,c5;2Nf3,d6;3d4, cd;4Nd4,a6. 
It wa Fischer's favorite.}  6.Nc3 {hey your 
alright, thanks!nice pay. no i never new about it, 
:-))}  e6 7.d3 {alright, now you can teach me more 
, am i pushing it now? lol. ;-))}  Be7 8.e5 dxe5 
9.Nxe5 Nxe5 10.Qxe5 Qb8 11.Bf4 Qxe5+ 12.Bxe5 Bxb5 
13.Nxb5 Kd7 14.Nc7 Rac8 {go away}  15.O-O-O 
{hehehehe,, you are to funny!lol, ;-))}  Rxc7 
16.Bxc7 Kxc7 17.d4 Ng4 18.Rhe1 Nxf2 19.Rd2 Ng4 
{-+}  20.dxc5 {<~~}  Bg5 {!!!}  21.h3 Rd8 {now 
what?}  22.hxg4 {hey now! lol..good knight,, 
:o))))}  Bxd2+ 23.Kd1 {hey now, it looks like you 
ae s aboutput an end to this game, ;o))}  Bxe1+ {I 
agree}  24.Kxe1 {it's been fun. play ya in another 
tourney soon. :o))))}  Rd4 {any time. Are you 
going to resign now?}  25.c3 {alright, u got me. 
good game , yes i resign next move, but ad to 
write u back first. :o))))))}  Rxg4 {yes, once you 
resign, no more messages. See you next time. Get 
Fritz6}  0-1

[Event "ACL-A132"]
[Site "www.playchess.de"]
[Date "2001.04.16"]
[Round "11"]
[White "ciceradecarvalho"]
[Black "quant"]
[WhiteElo "1500"]
[BlackElo "1500"]
[PlyCount "73"]
[Result "1-0"]

1.e4 e5 2.Nf3 Nc6 3.Bb5 a6 4.Bxc6 dxc6 5.d4 exd4 
6.Qxd4 Qxd4 7.Nxd4 Bd7 8.Bf4 O-O-O 9.O-O Bc5 
10.Nb3 Bd6 11.Be3 f6 12.Nc3 Ne7 13.Rfd1 Be6 14.Nd4 
Bf7 15.Rd2 Be5 16.Rad1 c5 17.Nde2 b6 18.f4 Bd6 
19.b3 Nc6 20.Nd5 Bxd5 21.exd5 Ne7 22.c4 Rhe8 
23.Kf2 Nf5 24.R2d3 Rxe3 25.Rxe3 Nxe3 26.Kxe3 Re8+ 
{hey it is dead draw why do you wait?}  27.Kf3 {my 
knight  can change the situation}  f5 {i am really 
curious for how it will change the situation may 
be it is better to learn chess}  28.g3 {Some 
closed games the knight is better than bishop. 
sorry if I don´t accept the draw yet.}  g6 {it is 
a draw obviously  you can ask it to everone one..i 
have no weakness position closed for knight}  
29.h3 {You losed for two, I want to win you too}  
a5 {fuck you}  30.a4 {Please do not use censured 
words in this site}  Kd7 31.Ng1 Re4 32.h4 h6 
33.Ne2 Ke7 34.Nc3 {Now you see why this game is 
not a draw. take easy man !!!}  Rd4 {fuck you  
waste of toilet}  35.Rxd4 {he! he! he! I sad...It 
is not a draw!!!}  cxd4 36.Nb5 Bc5 
37.Nxc7 1-0

[Event "HCL-E032"]
[Site "www.playchess.de"]
[Date "2001.04.16"]
[Round "20"]
[White "peze"]
[Black "Mosca"]
[WhiteElo "2013"]
[BlackElo "2100"]
[PlyCount "75"]
[Result "1/2-1/2"]

1.e4 {Hi! Good luck!}  c5 2.Nf3 d6 3.d4 cxd4 
4.Nxd4 Nf6 5.Nc3 a6 6.Be3 e6 7.g4 e5 8.Nf5 g6 
9.Bg2 gxf5 10.exf5 h6 11.Qe2 Nc6 12.O-O-O Rg8 
13.h3 Qa5 14.f4 Bd7 15.a3 Be7 16.g5 exf4 17.gxf6 
Qe5 18.fxe7 Qxe3+ 19.Qxe3 fxe3 20.Rhg1 e2 21.Nxe2 
Kxe7 22.f6+ Kxf6 23.Rxd6+ Be6 24.Bxc6 Rxg1+ 
25.Nxg1 bxc6 26.Rxc6 Ke5 27.b4 Ke4 28.Ne2 Rc8 
29.Rd6 Bxh3 30.Kd2 Be6 31.Rxa6 Rd8+ 32.Kc3 Rc8+ 
33.Kb2 Ke3 34.Ng3 Rg8 35.Nh5 Rg5 36.Nf6 h5 37.Nh7 
Rg2 38.b5 {Hi! Thanks for your mail. I think,the 
position is draw! Thank you for the interesting 
game. Peter}  1/2-1/2

[Event "ACL-A136"]
[Site "www.playchess.de"]
[Date "2001.04.16"]
[Round "7"]
[White "Mother_Teresa"]
[Black "Bishop_F1G2"]
[WhiteElo "1464"]
[BlackElo "1500"]
[PlyCount "90"]
[Result "0-1"]

1.e4 c5 2.Nf3 d6 3.Bc4 Nf6 4.Nc3 e6 5.O-O d5 
6.exd5 exd5 7.Bb5+ Nc6 8.d3 Be7 9.Ne5 Bd7 10.Nxd7 
Qxd7 11.Re1 d4 12.Ne4 O-O 13.Bg5 Nxe4 14.Bxe7 Qxe7 
15.Rxe4 Qd6 16.Qe2 a6 17.Bxc6 Qxc6 18.Re1 Rad8 
19.b3 b6 20.f3 Qd6 21.Re5 Rd7 22.f4 f6 23.Re6 Qb8 
24.f5 Qb7 25.Re8 Rdf7 26.Qh5 Qc7 27.R8e4 Qb7 
28.Rh4 h6 29.Rhe4 Rc8 30.Qg6 Rd8 31.R4e6 b5 32.a4 
bxa4 33.bxa4 a5 34.R6e8+ Rxe8 35.Rxe8+ Rf8 36.h3 
Qd7 37.Rxf8+ Kxf8 38.Qg3 Qxa4 39.Qd6+ Kg8 40.Qxc5 
Qa1+ 41.Kf2 Kh7 42.Kf3 a4 43.Qb4 a3 44.Ke4 a2 
45.Qb3 Qe1+ 0-1

[Event "HCL-B264"]
[Site "www.playchess.de"]
[Date "2001.04.16"]
[Round "4"]
[White "GANT"]
[Black "Torenvalk"]
[WhiteElo "1464"]
[BlackElo "1502"]
[PlyCount "53"]
[Result "1-0"]

1.d4 {Hello Torenvalk}  d5 {Hello GANT,good luck.} 
 2.c4 {I live in Lund.Where do you live?}  Nf6 {I 
live in Holland.}  3.cxd5 {Have you been playing 
on this site before?}  Nxd5 {No,and you?}  4.Nf3 
{Yes, I´m playing another tournament here but I 
only have one game left.}  e6 {Yes,i play more 
Tournaments here.}  5.e4 Nb6 {I like this site,and 
you?}  6.Nc3 {I like it.}  Bb4 7.Bg5 f6 8.Be3 
{Where in Netherlands do you live?}  c6 
{Amsterdam,and you?}  9.Bd3 {Lund it´s next to 
Malmö}  N8d7 {Sweden?}  10.Qb3 {yes}  Qe7 {Are you 
a good player?}  11.O-O {yes i am}  O-O {Are you 
also a club-player?}  12.a3 {Yes I am. I play in 
LASK.}  Bxc3 {What`s your rating there?}  13.bxc3 
{I think i´ts 1200}  Kh8 {How are you?}  14.a4 
{Good}  a5 15.d5 cxd5 16.Bxb6 dxe4 17.Bxe4 Nxb6 
18.Qxb6 Ra6 19.Qb5 f5 20.Bc2 g5 21.Rfe1 Qf6 
22.Rac1 Rf7 23.Ne5 Rc7 24.Qe8+ Kg7 25.Rcd1 Rxc3 
26.Rd8 Rxc2 {Happy Easter!}  27.Qh8+ {Happy 
Easter!!}  1-0

[Event "HCL-B264"]
[Site "www.playchess.de"]
[Date "2001.04.16"]
[Round "5"]
[White "Torenvalk"]
[Black "knkoni"]
[WhiteElo "1502"]
[BlackElo "1200"]
[PlyCount "44"]
[Result "0-1"]

1.d4 {Hi,good luck!}  Nf6 {hi c2u}  2.c4 e6 3.Nc3 
b6 4.a3 Bb7 5.Bg5 Be7 6.Qc2 c5 7.e3 O-O 8.f3 cxd4 
9.exd4 Nc6 10.O-O-O {0-0-0 !}  d5 {:)  nice !?}  
11.Nh3 {maybe not good?}  a6 {it is nice...i like 
it!.brave but need more study}  12.Nf4 {We will 
see.}  dxc4 13.Bxf6 Bxf6 14.Bxc4 {How are you?}  
Nxd4 {lets try this}  15.Qf2 {I thought you will 
do that.}  Rc8 16.Ba2 e5 17.Nfd5 Bxd5 18.Bb1 Bg5+ 
19.Rd2 Nb3+ 20.Kd1 Bxd2 21.Qg3 Be6 22.Ke2 
Bc4+ 0-1

[Event "HCL-B264"]
[Site "www.playchess.de"]
[Date "2001.04.16"]
[Round "6"]
[White "real1"]
[Black "Torenvalk"]
[WhiteElo "1229"]
[BlackElo "1502"]
[PlyCount "52"]
[Result "1/2-1/2"]

1.c4 Nf6 {Hi,good luck !}  2.Nc3 {good luck to you 
too}  e6 3.d4 Bb4 4.g3 O-O 5.Bg2 d5 6.c5 Nc6 7.Nf3 
b6 8.cxb6 cxb6 9.O-O Re8 10.a3 Bxc3 11.bxc3 Ba6 
12.Re1 e5 13.dxe5 Nxe5 14.Nxe5 Rxe5 15.Bf4 Re8 
16.Bg5 Bc4 17.e3 Qd6 18.Bxf6 Qxf6 19.Qd2 Rad8 
20.Qd4 Qe6 21.a4 g6 22.Qf4 Bd3 23.Red1 Be4 24.Bxe4 
Qxe4 25.Qxe4 dxe4 26.Rd4 Rdc8 1/2-1/2